ENCUESTA NACIONAL DE INGRESOS Y GASTOS DE LOS HOGARES 1977 : PRIMERA OBSERVACION GASTO SEMANAL Y MENSUAL /

Guardado en:
Detalles Bibliográficos
Autor corporativo: Instituto Nacional de Estadística, Geografía e Informática
Formato: Libro
Temas:
Etiquetas: Agrega una etiqueta
Sin etiquetas, Sé el primero en etiquetar este registro!

MARC

LEADER 00000nam^a2200000^a^4500
001 000236390
005 20250521000000.0
009 20260526132546.895
020 |a 968-809-419-6 
035 |a 056437 
037 |a Acervo Xavier Clavigero 
082 |a 339. 42  |b ENC 
110 |a Instituto Nacional de Estadística, Geografía e Informática 
245 1 0 |a ENCUESTA NACIONAL DE INGRESOS Y GASTOS DE LOS HOGARES 1977 :  |b PRIMERA OBSERVACION GASTO SEMANAL Y MENSUAL /  |c INSTITUTO NACIONAL DE ESTADISTICA GEOGRAFIA E INFORMATICA 
264 |a MEXICO :  |b SPP, INEGI,  |c 1981 
300 |a 408 p. [20] h. :  |b tbs. 
336 |a texto  |b txt  |2 rdacontenido 
337 |a sin mediación  |b n  |2 rdamedio 
338 |a volumen  |b nc  |2 rdasoporte 
649 |a XX 
650 |a Economía Familiar -  |z México 
650 |a INGRESOS -  |x MEXICO 
650 |a INGRESOS -  |x ESTADISTICAS 
710 |a Instituto Nacional de Estadística, Geografía e Informática 
910 |a Fondo General 
920 |a Impresos - Libros 
930 |a Colección General 
905 |a 101 
901 |a 056437  |b IT1  |c ACC  |i 056437  |u 20250521 
902 |a https://opac.biblio.iteso.mx/vufind/Record/000236390